Cesta za eurom v strednej Európe

Správa Economist Corporate Network o predpokladanom čase zavedenia eura v štátoch strednej Európy. Vstup do systému výmenných kurzov ERM 2. Tri najväčšie ekonomiky v regióne: Maďarsko, Poľsko, Česko. Najzadlženejšie európske krajiny.

Salvato in:
Dettagli Bibliografici
Autore principale: Bránsky, Vojtech
Natura: Capitolo di libro
Lingua:slovacco
Soggetti:
Tags: Aggiungi Tag
Nessun Tag, puoi essere il primo ad aggiungerne!!

MARC

LEADER 00000naa$a2200000$$$4500
001 0021498
005 20230926070725.4
041 0 |a slo 
044 |a SK 
245 1 0 |a Cesta za eurom v strednej Európe  |c Vojtech Bránsky 
520 |a Správa Economist Corporate Network o predpokladanom čase zavedenia eura v štátoch strednej Európy. Vstup do systému výmenných kurzov ERM 2. Tri najväčšie ekonomiky v regióne: Maďarsko, Poľsko, Česko. Najzadlženejšie európske krajiny. 
610 2 0 |a euro 
610 2 0 |a eurozóna 
610 2 0 |a politika menová 
610 2 0 |a únie menové 
610 2 0 |a kurz výmenný 
610 2 0 |a krajiny vyspelé 
610 2 0 |a SVE 
610 2 0 |a Slovensko 
610 2 0 |a Európska únia 
100 1 |a Bránsky, Vojtech